000 00607nam a22001577a 4500
999 _c63942
_d63942
005 20260226115304.0
008 260226s2016 ge ||||| |||| 00| 0 geo d
020 _a9780231167895x
080 _a327(520) : 327(510) S-68
100 _aSmith, Sheila
_926981
245 _aIntimate Rivals:
_bJapanese Domestic Politics and a Rising China /
_cSheila Smith.
264 _aNew York :
_bColumbia University Press,
_c2016.
300 _a362 p.;
_b23 cm.
653 _aიაპონიის შიდა პოლიტიკა და აღმავალი ჩინეთი
942 _2udc
_cᲬᲘᲒᲜᲘ